MARC детайли
| 000 -Лидер |
| Контролно поле с фиксирана дължина |
03233njm a2200625 c 4500 |
| 003 - Код на организацията, давaща контролен номер |
| Контролно поле |
BLK |
| 005 - Дата и час на последна редакция |
| Контролно поле |
20241005005458.0 |
| 008 - Елементи от данни с фиксирана дължина |
| fixed length control field |
180410b bul||n||s|||||||| n|bulo| |
| 010 ## - Наследен системен номер |
| LC control number |
CDD00000023000 |
| 040 ## - Източник на каталожния запис |
| Идентификатор на билиотеката - собственик на записа |
BLK |
| 041 ## - Код за език |
| Код за езика на текст/звукозапис или на отделно заглавие |
Английски |
| Код за езика КДБФ |
Английски |
| 080 ## - УДК |
| Текстов определител УДК |
Камерна вок. муз. Песни, балади, арии, романси |
| УДК код - определител по УДК |
784.3 |
| УДК - код + определител |
784.3 |
| 080 ## - УДК |
| Текстов определител УДК |
Опера. Музикална драма. Романтична опера. Опера-приказка |
| УДК код - определител по УДК |
782.1 |
| УДК - код + определител |
782.1 |
| 080 ## - УДК |
| Текстов определител УДК |
Сопран |
| УДК код - определител по УДК |
78.087.612.1 |
| УДК - код + определител |
78.087.612.1 |
| 080 ## - УДК |
| Текстов определител УДК |
Мецосопран |
| УДК код - определител по УДК |
78.087.612.2 |
| УДК - код + определител |
78.087.612.2 |
| 080 ## - УДК |
| Текстов определител УДК |
Алт, Контраалт - женски певчески глас |
| УДК код - определител по УДК |
78.087.612.3 |
| УДК - код + определител |
78.087.612.3 |
| 080 ## - УДК |
| Текстов определител УДК |
Тенор - мъжки певчески глас |
| УДК код - определител по УДК |
78.087.613.1 |
| УДК - код + определител |
78.087.613.1 |
| 100 ## - Редна дума - Автор |
| Автор |
Хендел, Георг Фридрих |
| Дати, свързани с автора |
1685 - 1759 |
| R(LIN) |
387450 |
| 139 ## - Редно поле |
| Редна дума |
Хендел, Георг Фридрих |
| Авторски знак |
Хен - Х 42 |
| 245 10 - Сведения за заглавието |
| Заглавие |
Opera arias [CD аудио] |
| Редно поле (дума) |
* Georg Friedrich Handel; Георг Фридрих Хендел. |
| 257 ## - Страна на издаване |
| Страна на създаване/издаване |
Великобритания |
| 260 ## - Област на издателските данни |
| Име на издателя, разпространителя и проч. |
BBC Music 2 |
| Година на издаване |
1996 |
| 300 ## - Физическа характеристика |
| Размери/Мащаб |
12 см. Stereo |
| Тип мерна единица |
бр. в к-т |
| Количество на мерната единица |
1 CD |
| 306 ## - Продължителност на изпълнението |
| Времетраене |
69 мин., 58 сек. |
| 380 ## - Жанр |
| Жанр |
Изкуство |
| 500 ## - Общи забележки |
| Забележка |
Прил. към сп. BBC Music Magazine |
| 505 ## - Форматирана забележка |
| Подзаглавни данни |
Con l`ali di constanza |
| Заглавие |
Ariodante |
| 505 ## - Форматирана забележка |
| Подзаглавни данни |
Scherza infida |
| Авторската отговорност |
мецосопран Lorraine Hunt; Freiburg Baroque Orchestral; диригент Nicholas McGegan. |
| Заглавие |
Ariodante |
| 505 ## - Форматирана забележка |
| Подзаглавни данни |
Quel torrente che s`innalza |
| Авторската отговорност |
сопран Dorothea Roschmann. |
| Заглавие |
Giustino |
| 505 ## - Форматирана забележка |
| Подзаглавни данни |
Zeffiretto, che scorre nel prato |
| Авторската отговорност |
контратенор Michael Chance; Freiburg Baroque Orchestral; диригент Nicholas McGegan. |
| Заглавие |
Giustino |
| 505 ## - Форматирана забележка |
| Подзаглавни данни |
Va tacito |
| Авторската отговорност |
контраалт Jennifer Larmore; Concerto Koln; диригент Rene Jacobs. |
| Заглавие |
Giulio Cesare |
| 505 ## - Форматирана забележка |
| Подзаглавни данни |
Di quel bel che m`innamora |
| Авторската отговорност |
контратенор Jeffrey Gall. |
| Заглавие |
Flavio |
| 505 ## - Форматирана забележка |
| Подзаглавни данни |
Rompo i lacci |
| Авторската отговорност |
контратенор Derek Lee Ragin; Ensemble 415; диригент Rene Jacobs. |
| Заглавие |
Flavio |
| 505 ## - Форматирана забележка |
| Подзаглавни данни |
Qual nave smarrita |
| Авторската отговорност |
контратенор Ralf Popken; Freiburg Baroque Orchestral; диригент Nicholas McGegan. |
| Заглавие |
Radamisto |
| 505 ## - Форматирана забележка |
| Подзаглавни данни |
Ogni vento |
| Авторската отговорност |
сопран Sally Bradshaw; Capella Savaria; диригент Nicholas McGegan. |
| Заглавие |
Agrippina |
| 505 ## - Форматирана забележка |
| Подзаглавни данни |
Angels, ever bright and fair |
| Заглавие |
Theodora |
| 505 ## - Форматирана забележка |
| Подзаглавни данни |
With Darkness, deep |
| Авторската отговорност |
мецосопран Lorraine Hunt; Philharmonia Baroque Orchestral; диригент Nicholas McGegan. |
| Заглавие |
Theodora |
| 505 ## - Форматирана забележка |
| Подзаглавни данни |
Dopo I`orrore |
| Авторската отговорност |
контратенор Drew Minter; Freiburg Baroque Orchestral; диригент Nicholas McGegan. |
| Заглавие |
Ottone |
| 650 #4 - Допълнително описание по предмет – тема |
| Основно описание – тема или топоним |
Вокална музика |
| 9 (RLIN) |
276897 |
| 650 #4 - Допълнително описание по предмет – тема |
| Основно описание – тема или топоним |
Опери, откъси |
| 9 (RLIN) |
353190 |
| 653 ## - Ключова дума – ненормативна |
| Ключова дума |
арии |
| 653 ## - Ключова дума – ненормативна |
| Ключова дума |
сопрани |
| 653 ## - Ключова дума – ненормативна |
| Ключова дума |
мецосопрани |
| 653 ## - Ключова дума – ненормативна |
| Ключова дума |
алти |
| 653 ## - Ключова дума – ненормативна |
| Ключова дума |
контратенори |
| 653 ## - Ключова дума – ненормативна |
| Ключова дума |
оперни арии |
| 700 1# - Други автори (авторска отговорност) |
| Лично име |
Handel, Georg Friedrich |
| Автороска отговорност (Описва отношението между автора и произведението) |
* |
| 9 (RLIN) |
12313 |
| 852 ## - Местоположение |
| Форматна сигнатура |
Цб CD 18 |
| Част |
12 |
| 856 4# - Електронен адрес и достъп |
| Електронен формат |
pdf - файл |
| Път до файла /url/ |
|
| 856 4# - Електронен адрес и достъп |
| Електронен формат |
pdf - файл |
| Път до файла /url/ |
|
| 942 ## - АРТИКУЛИ |
| Вид на библиотечния материал |
Компактдискове |
| Скрит в OPAC |
Не |
| 944 ## - СЪЗДАВАНЕ И РЕДАКЦИЯ на ЗАПИСА |
| Създаване/Редакция |
Създаване |
| Дата на регистрацията/редакция |
10.08.2007 |
| Служител, извършил регистрацията/редакцията |
|
| Статус, дата на статуса |
CRON CRON |
| 944 ## - СЪЗДАВАНЕ И РЕДАКЦИЯ на ЗАПИСА |
| Създаване/Редакция |
Редакция |
| Дата на регистрацията/редакция |
02.03.2010 |
| 999 ## - СИСТЕМНИ КОНТРОЛНИ НОМЕРА |
| Koha biblionumber |
214565 |
| Koha biblioitemnumber |
214565 |
| 999 ## - СИСТЕМНИ КОНТРОЛНИ НОМЕРА |
| Koha biblioitemnumber |
214565 |